000 00925nam a2200265Ia 4500
003 GCL
008 140319s9999 xx 000 0 ara d
040 _aGCL /
_cGCL
082 0 4 _a956
_bم د
100 1 _aمحمد بديع شريف
245 1 0 _aدراسة تاريخية فى النهضة العربية الحديثة /
_cمحمد بديع شريف
700 1 _aاحمد زكى عبدالكريم
700 1 _aزكى المحاسنى
260 _a[S.N] :
_bلجنة الاعلام والدراسات المستقبلية ،
_c1984
300 _a606 ص
490 _a
650 0 4 _aالعصر الحديث
650 0 4 _aالعالم العربى
650 0 4 _aتاريخ
650 0 4 _aالحضارة العربية الاسلامية - المعارف البحرية
650 0 4 _aالفلسفة
650 0 4 _aالشرق الاوسط
650 0 4 _aعصر النهضة (1300 - 1494)
942 _2ddc
_cBK
999 _c29210
_d29210